Weed management: Principles and practices (Record no. 41498)

MARC details
000 -LEADER
fixed length control field 00285nam a2200109Ia 4500
082 ## - DEWEY DECIMAL CLASSIFICATION NUMBER
Classification number 632.51
Item number GUP
100 ## - MAIN ENTRY--AUTHOR NAME
Personal name Gupta, O P
245 #0 - TITLE STATEMENT
Title Weed management: Principles and practices
260 ## - PUBLICATION, DISTRIBUTION, ETC. (IMPRINT)
Place of publication Bikaner
Name of publisher Agro Botanica
Year of publication 1998
942 ## - ADDED ENTRY ELEMENTS (KOHA)
Koha item type Books
Holdings
Withdrawn status Lost status Damaged status Not for loan Home library Current library Date acquired Cost, normal purchase price Full call number Accession Number Koha item type
        RRII Library RRII Library 16/12/2021 400.00 632.51 GUP 21784 Books